Statistics for British Airways Destinations 2017

Click here to take the quiz!

General Stats

  • This quiz has been taken 601 times
  • The average score is 96 of 211

Answer Stats

HintAnswer% Correct
GreeceAthens
89%
NetherlandsAmsterdam
87%
SpainBarcelona
86%
United Arab EmiratesDubai
84%
SpainMadrid
82%
United KingdomManchester
82%
United Arab EmiratesAbu Dhabi
80%
United StatesNew York City
80%
FranceParis
80%
PortugalLisbon
79%
GermanyBerlin
78%
United StatesLos Angeles
78%
IrelandDublin
77%
ChinaBeijing
76%
United StatesBoston
76%
United KingdomEdinburgh
76%
United KingdomGlasgow
76%
ItalyRome
76%
ThailandBangkok
75%
DenmarkCopenhagen
73%
GermanyFrankfurt
73%
ItalyMilan
73%
BelgiumBrussels
71%
South AfricaCape Town
71%
IndiaDelhi
71%
IndiaMumbai
71%
EgyptCairo
70%
United StatesChicago
70%
TurkeyIstanbul
70%
CanadaToronto
70%
AlgeriaAlgiers
69%
United StatesMiami
69%
GermanyMunich
69%
NorwayOslo
69%
United StatesAtlanta
68%
United StatesDallas/Fort Worth
67%
MexicoMexico City
67%
PortugalPorto
67%
United StatesSan Francisco
67%
JordanAmman
66%
United KingdomBelfast
66%
HungaryBudapest
66%
Hong KongHong Kong
66%
FranceMarseille
66%
RussiaMoscow
66%
United KingdomAberdeen
65%
GhanaAccra
64%
QatarDoha
64%
CanadaVancouver
64%
RomaniaBucharest
63%
ArgentinaBuenos Aires
63%
SwitzerlandGeneva
63%
United StatesHouston
63%
FranceNice
63%
SwitzerlandZurich
63%
FranceLyon
62%
SwedenStockholm
62%
FinlandHelsinki
61%
United KingdomBirmingham
60%
NigeriaAbuja
59%
NigeriaLagos
59%
CanadaMontreal
59%
AustriaVienna
59%
United StatesWashington
59%
LebanonBeirut
58%
ItalyVenice
58%
GermanyDüsseldorf
57%
GermanyHamburg
57%
South AfricaJohannesburg
57%
PeruLima
57%
ItalyNaples
56%
United StatesOrlando
56%
ChinaShanghai
55%
BahrainBahrain
54%
CanadaCalgary
54%
LuxembourgLuxembourg
54%
IndiaBangalore
53%
United StatesSeattle/Tacoma
53%
SingaporeSingapore
53%
JapanTokyo
53%
SpainAlicante
52%
BrazilRio de Janeiro
52%
AustraliaSydney
52%
United StatesDenver
51%
PolandWarsaw
51%
NorwayBergen
50%
FranceBordeaux
50%
United StatesLas Vegas
50%
CroatiaZagreb
49%
SpainBilbao
48%
SpainMálaga
48%
KenyaNairobi
48%
United KingdomNewcastle
48%
RussiaSaint Petersburg
48%
MexicoCancun
47%
Czech RepublicPrague
47%
BarbadosBarbados
46%
Switzerland/FranceBasel/Mulhouse
46%
PortugalFaro
46%
ItalyFlorence
46%
ItalyBologna
45%
UkraineKiev
45%
MalaysiaKuala Lumpur
45%
KuwaitKuwait City
45%
BrazilSão Paulo
45%
Antigua and BarbudaAntigua
44%
CroatiaDubrovnik
44%
MaltaMalta
44%
IsraelTel Aviv
44%
United StatesBaltimore
43%
IndiaChennai
43%
Saudi ArabiaRiyadh
43%
South KoreaSeoul
43%
United StatesAustin
42%
ChileSantiago de Chile
42%
ItalyTurin
42%
ItalyBari
41%
PolandKraków
41%
United StatesPhiladelphia
41%
United StatesSan Diego
41%
BulgariaSofia
41%
OmanMuscat
40%
United StatesSan Jose
40%
Costa RicaSan Jose de Costa Rica
40%
SpainSeville
40%
SpainValencia
40%
Saudi ArabiaJeddah
39%
JamaicaKingston
39%
CroatiaSplit
39%
SpainIbiza
38%
United KingdomLeeds/Bradford
38%
MaldivesMalé
38%
FranceToulouse
38%
ItalyGenoa
37%
AngolaLuanda
37%
United StatesNewark
37%
United StatesPhoenix
37%
United KingdomBristol
36%
SwedenGothenburg
36%
MoroccoMarrakech
36%
IcelandReykjavik
36%
NetherlandsRotterdam
36%
GermanyStuttgart
36%
The BahamasNassau
35%
ItalyPalermo
35%
SpainPalma de Mallorca
34%
United StatesTampa
34%
GreeceCorfu
33%
British Overseas TerritoryGibraltar
33%
IndiaHyderabad
33%
United KingdomInverness
33%
CyprusLarnaca
33%
SpainTenerife
33%
ItalyCatania
32%
GermanyHanover
32%
GreeceThessaloniki
32%
ItalyPisa
31%
AustriaInnsbruck
30%
AustriaSalzburg
30%
EstoniaTallinn
30%
IranTehran
30%
British Overseas TerritoryBermuda
29%
FranceNantes
29%
DenmarkBillund
28%
GrenadaGrenada
28%
GreeceHeraklion
28%
MauritiusMauritius
28%
United StatesNew Orleans
28%
GreeceMykonos
26%
GreeceRhodes
26%
Trinidad and TobagoPort of Spain
25%
GreeceSantorini
25%
AlbaniaTirana
25%
TurkeyBodrum
24%
British Crown DependancyJersey
24%
ItalyCagliari
23%
PortugalFunchal
23%
ItalyVerona
23%
United StatesFort Lauderdale
22%
CyprusPaphos
22%
SpainGran Canaria
21%
GreeceKos
21%
FranceMontpellier
21%
SpainMenorca
20%
Dominican RepublicPunta Cana
20%
ItalyBrindisi
19%
NorwayStavanger
19%
FranceGrenoble
18%
SpainLanzarote
18%
SpainMurcia
18%
GreeceChania
17%
TurkeyDalaman
16%
CroatiaPula
16%
SpainFuerteventura
15%
British Crown DependancyIsle of Man
15%
FranceBiarritz
14%
Saint LuciaSaint Lucia
14%
GreeceZakynthos
14%
Saint Kitts and NevisSaint Kitts
13%
GreeceKalamata
12%
ItalyOlbia
12%
Trinidad and TobagoTobago
12%
British Overseas TerritoryGrand Cayman
11%
FranceLimoges
11%
FranceBergerac
10%
GermanyFriedrichshafen
10%
British Overseas TerritoryProvidenciales
10%
GreeceSkiathos
10%
United StatesOakland
9%
FranceChambéry
7%
FranceQuimper
3%

Score Distribution

Percentile by Number Answered

Percent of People with Each Score

Your Score History

You have not taken this quiz